| 000 | 00683nam a2200241 u 4500 | ||
|---|---|---|---|
| 003 | UPN | ||
| 005 | 20240415100956.0 | ||
| 008 | 190917s2012 ck a br ||| 0|spa d | ||
| 020 | _a9789587583335 | ||
| 035 | _aUPN01000232879 | ||
| 040 |
_aMX-MxUPN _bspa _cMX-MxUPN |
||
| 041 | _aspa | ||
| 050 | 4 |
_aQA113 _bC845 2012 |
|
| 100 | 1 |
_aCuéllar, Olga, _d1953- _941092 |
|
| 245 | 1 | 0 | _aMis números |
| 260 |
_aBogotá : _bAlfaguara, _c2012 |
||
| 300 |
_a[14] páginas: _bilustraciones |
||
| 650 | 4 |
_951341 _aContar (enumerar) _vLiteratura infantil |
|
| 650 | 7 |
_91061 _aAnimales _vLiteratura infantil |
|
| 902 | _bMaríaRobles/080324 | ||
| 942 |
_n0 _2lcc _cLIBRO |
||
| 999 |
_c204974 _d204974 |
||